Statistics for Every Song by Set It Off

Click here to take the quiz!

General Stats

  • This quiz has been taken 64 times
    (58 since last reset)
  • The average score is 59 of 80

Answer Stats

AlbumSong% Correct
Horrible Kids(2011)Horrible Kids
100%
Duality(2014)Wolf in Sheep's Clothing
100%
Duality(2014)Duality
93%
Cinematics(Bonus)(2012)Partners in Crime
93%
Upside Down(2016)Upside Down
93%
Cinematics(2012)Dad's Song
87%
Elsewhere(2022)Dangerous
87%
Midnight(2019)Different Songs
87%
Midnight(2019)Hourglass
87%
Midnight(2019)Lonely Dance
87%
Midnight(2019)Midnight Thoughts
87%
Duality(2014)Miss Mysterious
87%
Duality(2014)N.M.E.
87%
Horrible Kids(2011)@Reply
87%
Elsewhere(2022)Skeleton
87%
Cinematics(2012)Swan Song
87%
Elsewhere(2022)The Magic 8
87%
Elsewhere(2022)Cordial
80%
Upside Down(2016)Hypnotized
80%
Cinematics(Bonus)(2012)Kill the Lights
80%
Upside Down(2016)Life Afraid
80%
Midnight(2019)No Disrespect
80%
Midnight:The Final Chapter(2021)One Single Second
80%
Elsewhere(2022)Projector
80%
Midnight(2019)Raise No Fool
80%
Cinematics(2012)The Grand Finale
80%
Duality(2014)The Haunting
80%
Elsewhere(2022)Who's in Control
80%
Elsewhere(2022)Why Do I
80%
Duality(2014)Why Worry
80%
Upside Down(2016)Admit It
73%
Duality(2014)Ancient History
73%
Horrible Kids(2011)Ashley's Song
73%
Elsewhere(2022)Better Than This
73%
Duality(2014)Bleak December
73%
Midnight(2019)Criminal Minds
73%
Upside Down(2016)Crutch
73%
Cinematics(2012)Distance Disturbs Me
73%
Cinematics(2012)I'd Rather Drown
73%
Elsewhere(2022)Loose Cannon
73%
Upside Down(2016)Me Without Us
73%
Cinematics(2012)Nightmare
73%
Cinematics(2012)No Control
73%
Elsewhere(2022)Peekaboo
73%
Cinematics(2012)Plastic Promises
73%
Midnight(2019)Stitch Me Up
73%
Elsewhere(2022)Taste of the Good Life
73%
Upside Down(2016)Uncontainable
73%
Midnight(2019)Unopened Windows
73%
Elsewhere(2022)Catch a Break
67%
Midnight:The Final Chapter(2021)Catch Me if You Can
67%
Elsewhere(2022)Cut Off
67%
Midnight(2019)Dancing with the Devil
67%
Upside Down(2016)Diamond Girl
67%
Cinematics(2012)Dream Catcher
67%
Horrible Kids(2011)End in Tragedy
67%
Duality(2014)Forever Stuck in Our Youth
67%
Midnight(2019)For You Forever
67%
Cinematics(2012)I'll Sleep When I'm Dead
67%
Midnight(2019)I Want You(Gone)
67%
Midnight(2019)Killer in the Mirror
67%
Elsewhere(2022)Playing with Bad Luck
67%
Upside Down(2016)Something New
67%
Midnight:The Final Chapter(2021)So Predictable
67%
Duality(2014)Tomorrow
67%
Upside Down(2016)Want
67%
Elsewhere(2022)Why Not Me
67%
Cinematics(2012)You Are Loved
67%
Elsewhere(2022)As Good as It Gets
60%
Duality(2014)Bad Guy
60%
Horrible Kids(2011)Breathe In, Breathe Out
60%
Horrible Kids(2011)Chase It!
60%
Midnight(2019)Go to Bed Angry
60%
Midnight(2019)Happy All the Time
60%
Cinematics(2012)Thoughts That Breathe
60%
Upside Down(2016)Tug of War
60%
Cinematics(2012)Freak Show
53%
Horrible Kids(2011)I Think It's Arrogance
53%
Horrible Kids(2011)Third Wheel
53%
Upside Down(2016)Never Know
47%

Score Distribution

Percentile by Number Answered

Percent of People with Each Score

Your Score History

You have not taken this quiz since the last reset